Butterworths business contracts compendium / (Record no. 9)
[ view plain ]
| 000 -LEADER | |
|---|---|
| fixed length control field | 00556nam a22002057a 4500 |
| 005 - DATE AND TIME OF INPUT | |
| control field | 20230917104318.0 |
| 008 - DATA ELEMENTS--GENERAL INFORMATION | |
| fixed length control field | 230917b |||||||| |||| 00| 0 eng d |
| 020 ## - INTERNATIONAL STANDARD BOOK NUMBER | |
| International Standard Book Number | 9780409011753 |
| 041 ## - LANGUAGE CODE | |
| Language code of text | English |
| 044 ## - COUNTRY OF PUBLICATION | |
| country code | South Africa |
| 082 ## - SHELF NUMBER | |
| DDC number | 349 |
| 245 ## - TITLE STATEMENT | |
| Title | Butterworths business contracts compendium / |
| Statement of responsibility, etc. | edited by Thaloshini Chetty |
| 260 ## - PUBLICATION, DISTRIBUTION, ETC. | |
| Place of publication, distribution, etc. | Durban : |
| Name of publisher, distributor, etc. | LexisNexis, |
| Date of publication, distribution, etc. | 2013 |
| 300 ## - PHYSICAL DESCRIPTION | |
| Dimensions | 25 cm; |
| Accompanying material | 7 volumes |
| 650 ## - SUBJECT` | |
| Broad subject | business law |
| 650 ## - SUBJECT` | |
| Broad subject | contracts |
| 650 ## - SUBJECT` | |
| Broad subject | compendium |
| 700 ## - OTHER AUTHORS | |
| Other authors' name | Chetty, Thaloshini |
| 942 ## - ADDED ENTRY ELEMENTS (KOHA) | |
| Item type | Books |
| 942 ## - ADDED ENTRY ELEMENTS (KOHA) | |
| -- | EMILLIE |
| Source of classification or shelving scheme | Volume number (bound volume or other part) | Not for loan | Home library | Current library | Shelving location | Date acquired | Source of acquisition | Full call number | Barcode | Price effective from | Koha item type | Collection code |
|---|---|---|---|---|---|---|---|---|---|---|---|---|
| Dewey Decimal Classification | volume 1 | LAW SOCIETY OF NAMIBIA LIBRARY - WINDHOEK | LAW SOCIETY OF NAMIBIA LIBRARY - WINDHOEK | Contract law | 09/17/2023 | Purchase | 349 BUT | LSN/2011/44 | 09/17/2023 | Books | ||
| Dewey Decimal Classification | Volume 2 | LAW SOCIETY OF NAMIBIA LIBRARY - WINDHOEK | LAW SOCIETY OF NAMIBIA LIBRARY - WINDHOEK | Contract law | 09/17/2023 | purchased | 349 BUT | LSN/2011/45 | 09/17/2023 | Books | ||
| Dewey Decimal Classification | Volume 3 | LAW SOCIETY OF NAMIBIA LIBRARY - WINDHOEK | LAW SOCIETY OF NAMIBIA LIBRARY - WINDHOEK | Contract law | 09/17/2023 | purchased | 349 BUT | LSN/2011/46 | 09/17/2023 | Books | TEXT BOOKS | |
| Dewey Decimal Classification | Volume 4 | LAW SOCIETY OF NAMIBIA LIBRARY - WINDHOEK | LAW SOCIETY OF NAMIBIA LIBRARY - WINDHOEK | 09/17/2023 | purchased | 349 BUT | LSN/2011/47 | 09/17/2023 | Books | |||
| Dewey Decimal Classification | volume 5 | LAW SOCIETY OF NAMIBIA LIBRARY - WINDHOEK | LAW SOCIETY OF NAMIBIA LIBRARY - WINDHOEK | Contract law | 09/17/2023 | purchased | 349 BUT | LSN/2011/48 | 09/17/2023 | Books | TEXT BOOKS | |
| Dewey Decimal Classification | volume 6 | LAW SOCIETY OF NAMIBIA LIBRARY - WINDHOEK | LAW SOCIETY OF NAMIBIA LIBRARY - WINDHOEK | Contract law | 09/17/2023 | purchased | 349 BUT | LSN/2011/49 | 09/17/2023 | Books | TEXT BOOKS | |
| Dewey Decimal Classification | Volume 7 | LAW SOCIETY OF NAMIBIA LIBRARY - WINDHOEK | LAW SOCIETY OF NAMIBIA LIBRARY - WINDHOEK | Contract law | 09/17/2023 | purchased | 349 BUT | LSN/2014/23 | 09/17/2023 | Books | TEXT BOOKS |
